Ascertaining loss and expense (Record no. 115515)
[ view plain ]
| 000 -LEADER | |
|---|---|
| fixed length control field | 01469cad a22003375a 4500 |
| 001 - CONTROL NUMBER | |
| control field | L158811 |
| 003 - CONTROL NUMBER IDENTIFIER | |
| control field | 115515 |
| 005 - DATE AND TIME OF LATEST TRANSACTION | |
| control field | 20240724164125.0 |
| 008 - FIXED-LENGTH DATA ELEMENTS--GENERAL INFORMATION | |
| fixed length control field | 081030s2015 xxk f v 000 0 eng d |
| 020 ## - INTERNATIONAL STANDARD BOOK NUMBER | |
| International Standard Book Number | 9781783211142 |
| 035 ## - SYSTEM CONTROL NUMBER | |
| System control number | (Sirsi) u158811 |
| 041 0# - LANGUAGE CODE | |
| Language code of text/sound track or separate title | eng |
| 050 04 - LIBRARY OF CONGRESS CALL NUMBER | |
| Classification number | 692.8 $2 18 |
| 110 2# - MAIN ENTRY--CORPORATE NAME | |
| Corporate name or jurisdiction name as entry element | Royal Institution of Chartered Surveyors |
| 9 (RLIN) | 4900 |
| 245 00 - TITLE STATEMENT | |
| Title | Ascertaining loss and expense |
| Medium | [archived] |
| 260 ## - PUBLICATION, DISTRIBUTION, ETC. | |
| Place of publication, distribution, etc. | London |
| Name of publisher, distributor, etc. | RICS |
| Date of publication, distribution, etc. | 2015 |
| 300 ## - PHYSICAL DESCRIPTION | |
| Extent | 20 p. |
| 490 #0 - SERIES STATEMENT | |
| Series statement | RICS Guidance Note |
| 490 #0 - SERIES STATEMENT | |
| Series statement | RICS Black Book |
| 520 ## - SUMMARY, ETC. | |
| Summary, etc. | Effective from 27 October 2015. The ascertainment of loss and expense is a set of tasks that endeavour to calculate as precisely as possible, and in accordance with the contract, the additional costs or losses incurred by one party directly due to a default of the other. This guidance note covers what is loss and expense, standard forms of contracts, global claims, methods of analysis of loss and expense, and strengths and weaknesses of the various methods. |
| 520 ## - SUMMARY, ETC. | |
| Summary, etc. | Superseded by 2nd edition published July 2024 ISBN 9781783215225 |
| 521 ## - TARGET AUDIENCE NOTE | |
| Target audience note | Advanced |
| 590 ## - LOCAL NOTE (RLIN) | |
| Local note | KA |
| 650 24 - SUBJECT ADDED ENTRY--TOPICAL TERM | |
| Topical term or geographic name entry element | CONTRACT CLAIMS |
| 650 24 - SUBJECT ADDED ENTRY--TOPICAL TERM | |
| Topical term or geographic name entry element | BLACK BOOK |
| 650 24 - SUBJECT ADDED ENTRY--TOPICAL TERM | |
| Topical term or geographic name entry element | RICS QS AND CONSTRUCTION STANDARDS |
| 651 #4 - SUBJECT ADDED ENTRY--GEOGRAPHIC NAME | |
| Geographic name | United Kingdom |
| 690 ## - LOCAL SUBJECT ADDED ENTRY--TOPICAL TERM (OCLC, RLIN) | |
| Topical term or geographic name as entry element | Contracts |
| 9 (RLIN) | 6232 |
| 856 41 - ELECTRONIC LOCATION AND ACCESS | |
| Uniform Resource Identifier | <a href="https://www.isurv.com/downloads/download/1986/ascertaining_loss_and_expense">https://www.isurv.com/downloads/download/1986/ascertaining_loss_and_expense</a> |
| Public note | Archived on isurv (subscription required) |
| 942 ## - ADDED ENTRY ELEMENTS (KOHA) | |
| Suppress in OPAC | 0 |
| Source of classification or shelving scheme | Dewey Decimal Classification |
| Withdrawn status | Lost status | Damaged status | Not for loan | Home library | Current library | Shelving location | Date acquired | Total Checkouts | Full call number | Date last seen | Copy number | Price effective from | Koha item type | Source of classification or shelving scheme |
|---|---|---|---|---|---|---|---|---|---|---|---|---|---|---|
| London | London | RICS Boxes | 22/03/2023 | RICS 2015/16 | 22/03/2023 | 22/03/2023 | Book | Dewey Decimal Classification | ||||||
| Virtual | Virtual | Online | 29/07/2015 | isurv | 24/07/2024 | 1 | 06/08/2019 | Online material |